[Event "Deutsche Ländermeisterschaft 2025"]
[Site "Oer-Erkenschwick GER"]
[Date "2025.10.04"]
[Round "6"]
[White "Sreeramulu, Aarush"]
[Black "de Jong, Lode"]
[Result "1-0"]
[Termination "normal"]
[Board "6.4"]
[BlackTitle "CM"]
[WhiteElo "2115"]
[BlackElo "1978"]
[WhiteClock "00:29:43"]
[BlackClock "00:15:10"]
[WhiteTeam "Hessen"]
[BlackTeam "Stichts-Gooise Schaakbond"]
[PlyCount "69"]
[WhiteFideId "34610685"]
[BlackFideId "40101860"]
[EventCountry "GER"]
[EventRounds "7"]
[EventType "team-swiss"]
[EventDate "2025.09.30"]

1. d4 {[%clk 01:30:56]} {[%emt 00:00:04]} Nf6 {[%clk 01:30:56]} {[%emt
00:00:04]} 2. c4 {[%clk 01:31:18]} {[%emt 00:00:07]} e6 {[%clk 01:31:21]}
{[%emt 00:00:05]} 3. Nc3 {[%clk 01:31:44]} {[%emt 00:00:05]} Bb4 {[%clk
01:31:47]} {[%emt 00:00:04]} 4. e3 {[%clk 01:32:10]} {[%emt 00:00:05]} O-O
{[%clk 01:32:02]} {[%emt 00:00:14]} 5. Bd3 {[%clk 01:32:28]} {[%emt 00:00:12]}
c5 {[%clk 01:32:26]} {[%emt 00:00:06]} 6. Nge2 {[%clk 01:32:47]} {[%emt
00:00:11]} cxd4 {[%clk 01:28:00]} {[%emt 00:04:56]} 7. exd4 {[%clk 01:32:18]}
{[%emt 00:00:58]} d5 {[%clk 01:28:22]} {[%emt 00:00:09]} 8. cxd5 {[%clk
01:31:55]} {[%emt 00:00:53]} exd5 {[%clk 01:27:42]} {[%emt 00:01:09]} 9. O-O
{[%clk 01:31:34]} {[%emt 00:00:52]} h6 {[%clk 01:21:08]} {[%emt 00:07:04]} 10.
h3 {[%clk 01:28:45]} {[%emt 00:03:18]} Nc6 {[%clk 01:20:56]} {[%emt 00:00:42]}
11. Be3 {[%clk 01:23:20]} {[%emt 00:05:55]} Re8 {[%clk 01:17:30]} {[%emt
00:03:56]} 12. Qc2 {[%clk 01:17:33]} {[%emt 00:06:17]} Bd7 {[%clk 01:13:27]}
{[%emt 00:04:34]} 13. a3 {[%clk 01:13:24]} {[%emt 00:04:40]} Bd6 {[%clk
01:10:02]} {[%emt 00:03:54]} 14. b4 {[%clk 01:00:25]} {[%emt 00:13:29]} Rc8
{[%clk 00:49:05]} {[%emt 00:21:27]} 15. Qb3 {[%clk 00:57:05]} {[%emt 00:03:50]}
Be6 {[%clk 00:39:54]} {[%emt 00:09:42]} 16. Na4 {[%clk 00:52:08]} {[%emt
00:05:26]} Ne4 {[%clk 00:26:09]} {[%emt 00:14:15]} 17. Nc5 {[%clk 00:44:17]}
{[%emt 00:08:20]} Qh4 {[%clk 00:26:30]} {[%emt 00:00:09]} 18. Bxe4 {[%clk
00:35:13]} {[%emt 00:09:34]} dxe4 {[%clk 00:21:39]} {[%emt 00:05:22]} 19. Nxe6
{[%clk 00:35:02]} {[%emt 00:00:41]} Rxe6 {[%clk 00:21:59]} {[%emt 00:00:09]}
20. d5 {[%clk 00:29:20]} {[%emt 00:06:13]} Rg6 {[%clk 00:22:21]} {[%emt
00:00:07]} 21. dxc6 {[%clk 00:29:35]} {[%emt 00:00:16]} Qxh3 {[%clk 00:22:44]}
{[%emt 00:00:06]} 22. Ng3 {[%clk 00:28:00]} {[%emt 00:02:06]} Qh4 {[%clk
00:18:08]} {[%emt 00:05:05]} 23. cxb7 {[%clk 00:27:25]} {[%emt 00:01:06]} Rb8
{[%clk 00:16:27]} {[%emt 00:02:11]} 24. Rad1 {[%clk 00:26:59]} {[%emt
00:00:56]} Rxb7 {[%clk 00:14:13]} {[%emt 00:02:44]} 25. Rxd6 {[%clk 00:27:09]}
{[%emt 00:00:19]} Rxd6 {[%clk 00:14:30]} {[%emt 00:00:14]} 26. Nf5 {[%clk
00:27:35]} {[%emt 00:00:04]} Qf6 {[%clk 00:14:47]} {[%emt 00:00:13]} 27. Nxd6
{[%clk 00:28:00]} {[%emt 00:00:05]} Qxd6 {[%clk 00:15:12]} {[%emt 00:00:05]}
28. Rd1 {[%clk 00:28:16]} {[%emt 00:00:14]} Qg6 {[%clk 00:14:47]} {[%emt
00:00:54]} 29. Qd5 {[%clk 00:28:32]} {[%emt 00:00:15]} Qg4 {[%clk 00:13:57]}
{[%emt 00:01:19]} 30. Rd4 {[%clk 00:28:30]} {[%emt 00:00:32]} Rb8 {[%clk
00:14:13]} {[%emt 00:00:13]} 31. Rxe4 {[%clk 00:28:40]} {[%emt 00:00:21]} Qg6
{[%clk 00:14:00]} {[%emt 00:00:42]} 32. Bxa7 {[%clk 00:28:38]} {[%emt
00:00:32]} Rc8 {[%clk 00:14:25]} {[%emt 00:00:05]} 33. Be3 {[%clk 00:29:02]}
{[%emt 00:00:06]} Rc2 {[%clk 00:14:48]} {[%emt 00:00:07]} 34. Re8+ {[%clk
00:29:19]} {[%emt 00:00:14]} Kh7 {[%clk 00:15:10]} {[%emt 00:00:07]} 35. Qe4
{[%clk 00:29:43]} {[%emt 00:00:06]} 1-0

[Event "Deutsche Ländermeisterschaft 2025"]
[Site "Oer-Erkenschwick GER"]
[Date "2025.10.04"]
[Round "6"]
[White "Gergin, Isafara"]
[Black "Werner, Rosalie"]
[Result "0-1"]
[Termination "normal"]
[Board "6.5"]
[WhiteElo "1984"]
[BlackElo "1953"]
[WhiteClock "00:00:48"]
[BlackClock "00:01:29"]
[WhiteTeam "Stichts-Gooise Schaakbond"]
[BlackTeam "Hessen"]
[PlyCount "68"]
[WhiteFideId "1082167"]
[BlackFideId "16223748"]
[EventCountry "GER"]
[EventRounds "7"]
[EventType "team-swiss"]
[EventDate "2025.09.30"]

1. e4 {[%clk 01:30:49]} {[%emt 00:00:10]} e6 {[%clk 01:30:54]} {[%emt
00:00:06]} 2. d4 {[%clk 01:31:13]} {[%emt 00:00:07]} d5 {[%clk 01:31:20]}
{[%emt 00:00:04]} 3. Nd2 {[%clk 01:31:36]} {[%emt 00:00:07]} Nf6 {[%clk
01:31:44]} {[%emt 00:00:06]} 4. e5 {[%clk 01:32:00]} {[%emt 00:00:06]} Nfd7
{[%clk 01:32:08]} {[%emt 00:00:05]} 5. Bd3 {[%clk 01:32:18]} {[%emt 00:00:13]}
c5 {[%clk 01:32:31]} {[%emt 00:00:07]} 6. c3 {[%clk 01:32:42]} {[%emt
00:00:06]} Nc6 {[%clk 01:32:56]} {[%emt 00:00:05]} 7. Qg4 {[%clk 01:33:07]}
{[%emt 00:00:06]} Rb8 {[%clk 01:15:22]} {[%emt 00:18:03]} 8. Ne2 {[%clk
01:24:03]} {[%emt 00:09:34]} b5 {[%clk 01:11:08]} {[%emt 00:04:44]} 9. O-O
{[%clk 01:20:39]} {[%emt 00:03:54]} b4 {[%clk 00:59:57]} {[%emt 00:11:41]} 10.
Nf3 {[%clk 01:12:49]} {[%emt 00:08:20]} bxc3 {[%clk 00:49:21]} {[%emt
00:11:06]} 11. bxc3 {[%clk 01:12:53]} {[%emt 00:00:26]} cxd4 {[%clk 00:48:56]}
{[%emt 00:00:56]} 12. cxd4 {[%clk 01:12:42]} {[%emt 00:00:40]} Nb4 {[%clk
00:45:43]} {[%emt 00:03:44]} 13. Bb1 {[%clk 01:10:23]} {[%emt 00:02:49]} Ba6
{[%clk 00:40:08]} {[%emt 00:06:04]} 14. Ng5 {[%clk 00:45:53]} {[%emt 00:25:00]}
g6 {[%clk 00:18:39]} {[%emt 00:21:59]} 15. Nf4 {[%clk 00:22:25]} {[%emt
00:23:58]} Qb6 {[%clk 00:14:43]} {[%emt 00:04:26]} 16. Rd1 {[%clk 00:16:53]}
{[%emt 00:06:01]} Rc8 {[%clk 00:13:10]} {[%emt 00:02:03]} 17. Nfxe6 {[%clk
00:11:43]} {[%emt 00:05:41]} Rc6 {[%clk 00:04:19]} {[%emt 00:09:21]} 18. Nf4
{[%clk 00:04:46]} {[%emt 00:07:27]} Nb8 {[%clk 00:00:46]} {[%emt 00:04:02]} 19.
Qf3 {[%clk 00:03:35]} {[%emt 00:01:42]} f5 {[%clk 00:00:36]} {[%emt 00:00:40]}
20. Nxd5 {[%clk 00:02:01]} {[%emt 00:02:04]} Nxd5 {[%clk 00:00:46]} {[%emt
00:00:20]} 21. Qxd5 {[%clk 00:02:18]} {[%emt 00:00:14]} Bc4 {[%clk 00:00:39]}
{[%emt 00:00:37]} 22. Qf3 {[%clk 00:02:28]} {[%emt 00:00:20]} h6 {[%clk
00:00:45]} {[%emt 00:00:24]} 23. Nh3 {[%clk 00:02:33]} {[%emt 00:00:25]} Qa6
{[%clk 00:00:37]} {[%emt 00:00:38]} 24. Qg3 {[%clk 00:02:13]} {[%emt 00:00:50]}
Be2 {[%clk 00:00:38]} {[%emt 00:00:29]} 25. Bd3 {[%clk 00:00:41]} {[%emt
00:02:02]} Bxd3 {[%clk 00:00:41]} {[%emt 00:00:27]} 26. Rxd3 {[%clk 00:00:32]}
{[%emt 00:00:40]} Qxa2 {[%clk 00:00:51]} {[%emt 00:00:19]} 27. Rd1 {[%clk
00:00:37]} {[%emt 00:00:25]} Qxa1 {[%clk 00:01:01]} {[%emt 00:00:20]} 28. Qe3
{[%clk 00:00:49]} {[%emt 00:00:18]} Qc3 {[%clk 00:00:58]} {[%emt 00:00:32]} 29.
Qf4 {[%clk 00:01:03]} {[%emt 00:00:18]} g5 {[%clk 00:00:55]} {[%emt 00:00:33]}
30. Nxg5 {[%clk 00:00:41]} {[%emt 00:00:51]} hxg5 {[%clk 00:01:07]} {[%emt
00:00:18]} 31. Qxg5 {[%clk 00:01:06]} {[%emt 00:00:06]} Be7 {[%clk 00:01:08]}
{[%emt 00:00:29]} 32. Qf4 {[%clk 00:01:14]} {[%emt 00:00:22]} Rh4 {[%clk
00:01:08]} {[%emt 00:00:30]} 33. Qg3 {[%clk 00:00:49]} {[%emt 00:00:55]} Rxd4
{[%clk 00:01:15]} {[%emt 00:00:22]} 34. Qg8+ {[%clk 00:00:48]} {[%emt
00:00:32]} Bf8 {[%clk 00:01:29]} {[%emt 00:00:15]} 0-1

[Event "Deutsche Ländermeisterschaft 2025"]
[Site "Oer-Erkenschwick GER"]
[Date "2025.10.04"]
[Round "6"]
[White "Gao, Chenzhuo"]
[Black "Koorevaar, Sarah-Joy"]
[Result "1-0"]
[Termination "normal"]
[Board "6.6"]
[WhiteElo "1848"]
[BlackElo "1811"]
[WhiteClock "00:50:25"]
[BlackClock "00:06:29"]
[WhiteTeam "Hessen"]
[BlackTeam "Stichts-Gooise Schaakbond"]
[PlyCount "43"]
[WhiteFideId "34668608"]
[BlackFideId "1091174"]
[EventCountry "GER"]
[EventRounds "7"]
[EventType "team-swiss"]
[EventDate "2025.09.30"]

1. d4 {[%clk 01:30:58]} {[%emt 00:00:02]} d5 {[%clk 01:30:56]} {[%emt
00:00:05]} 2. Bf4 {[%clk 01:31:09]} {[%emt 00:00:18]} Nf6 {[%clk 01:31:05]}
{[%emt 00:00:22]} 3. e3 {[%clk 01:31:22]} {[%emt 00:00:17]} c5 {[%clk
01:31:29]} {[%emt 00:00:05]} 4. c3 {[%clk 01:31:00]} {[%emt 00:00:52]} e6
{[%clk 01:31:50]} {[%emt 00:00:09]} 5. Nd2 {[%clk 01:31:10]} {[%emt 00:00:20]}
Bd6 {[%clk 01:32:03]} {[%emt 00:00:18]} 6. Bg3 {[%clk 01:30:02]} {[%emt
00:01:38]} O-O {[%clk 01:30:56]} {[%emt 00:01:37]} 7. Ngf3 {[%clk 01:30:18]}
{[%emt 00:00:14]} Nc6 {[%clk 01:30:20]} {[%emt 00:01:06]} 8. Bd3 {[%clk
01:30:28]} {[%emt 00:00:19]} Re8 {[%clk 01:25:02]} {[%emt 00:05:48]} 9. Ne5
{[%clk 01:29:34]} {[%emt 00:01:24]} Bxe5 {[%clk 00:58:45]} {[%emt 00:26:47]}
10. dxe5 {[%clk 01:28:49]} {[%emt 00:01:15]} Nd7 {[%clk 00:58:57]} {[%emt
00:00:18]} 11. f4 {[%clk 01:28:27]} {[%emt 00:00:51]} f6 {[%clk 00:56:22]}
{[%emt 00:03:06]} 12. Bh4 {[%clk 01:22:00]} {[%emt 00:06:58]} c4 {[%clk
00:53:19]} {[%emt 00:03:32]} 13. Bc2 {[%clk 01:16:57]} {[%emt 00:05:32]} Nf8
{[%clk 00:35:03]} {[%emt 00:18:47]} 14. exf6 {[%clk 01:06:35]} {[%emt
00:10:52]} Qb6 {[%clk 00:25:42]} {[%emt 00:09:52]} 15. Qh5 {[%clk 01:00:46]}
{[%emt 00:06:19]} Rd8 {[%clk 00:16:29]} {[%emt 00:09:43]} 16. f7+ {[%clk
00:58:50]} {[%emt 00:02:26]} Kh8 {[%clk 00:16:54]} {[%emt 00:00:04]} 17. Bxd8
{[%clk 00:58:46]} {[%emt 00:00:34]} Qxd8 {[%clk 00:10:47]} {[%emt 00:06:37]}
18. O-O-O {[%clk 00:57:06]} {[%emt 00:02:09]} Bd7 {[%clk 00:10:32]} {[%emt
00:00:47]} 19. Nf3 {[%clk 00:56:28]} {[%emt 00:01:07]} Qb6 {[%clk 00:09:06]}
{[%emt 00:01:56]} 20. Bxh7 {[%clk 00:53:18]} {[%emt 00:03:40]} Qxe3+ {[%clk
00:06:53]} {[%emt 00:02:43]} 21. Rd2 {[%clk 00:51:14]} {[%emt 00:02:34]} g6
{[%clk 00:06:29]} {[%emt 00:00:54]} 22. Qh6 {[%clk 00:50:25]} {[%emt 00:01:16]}
1-0

[Event "Deutsche Ländermeisterschaft 2025"]
[Site "Oer-Erkenschwick GER"]
[Date "2025.10.04"]
[Round "6"]
[White "Nguyen, Paul"]
[Black "Dedic, Sajra"]
[Result "0-1"]
[Termination "normal"]
[Board "6.7"]
[WhiteElo "1790"]
[BlackElo "1625"]
[WhiteClock "00:59:33"]
[BlackClock "00:02:27"]
[WhiteTeam "Stichts-Gooise Schaakbond"]
[BlackTeam "Hessen"]
[PlyCount "101"]
[WhiteFideId "1095072"]
[BlackFideId "14422794"]
[EventCountry "GER"]
[EventRounds "7"]
[EventType "team-swiss"]
[EventDate "2025.09.30"]

1. e4 {[%clk 01:30:57]} {[%emt 00:00:02]} d6 {[%clk 01:30:56]} {[%emt
00:00:05]} 2. d4 {[%clk 01:31:23]} {[%emt 00:00:04]} Nf6 {[%clk 01:31:23]}
{[%emt 00:00:03]} 3. Nc3 {[%clk 01:31:47]} {[%emt 00:00:05]} e5 {[%clk
01:31:47]} {[%emt 00:00:05]} 4. dxe5 {[%clk 01:30:58]} {[%emt 00:01:21]} dxe5
{[%clk 01:32:11]} {[%emt 00:00:06]} 5. Qxd8+ {[%clk 01:31:24]} {[%emt
00:00:04]} Kxd8 {[%clk 01:32:35]} {[%emt 00:00:05]} 6. Bg5 {[%clk 01:31:48]}
{[%emt 00:00:06]} Be6 {[%clk 01:33:01]} {[%emt 00:00:04]} 7. Nf3 {[%clk
01:32:06]} {[%emt 00:00:13]} Bd6 {[%clk 01:32:59]} {[%emt 00:00:30]} 8. O-O-O
{[%clk 01:32:28]} {[%emt 00:00:10]} Ke7 {[%clk 01:33:21]} {[%emt 00:00:07]} 9.
Bb5 {[%clk 01:31:25]} {[%emt 00:01:34]} h6 {[%clk 01:32:58]} {[%emt 00:00:53]}
10. Bh4 {[%clk 01:31:14]} {[%emt 00:00:40]} g5 {[%clk 01:28:26]} {[%emt
00:05:02]} 11. Bg3 {[%clk 01:31:28]} {[%emt 00:00:16]} Nbd7 {[%clk 01:28:33]}
{[%emt 00:00:22]} 12. h4 {[%clk 01:29:09]} {[%emt 00:02:50]} g4 {[%clk
01:27:32]} {[%emt 00:01:32]} 13. Nd2 {[%clk 01:29:18]} {[%emt 00:00:21]} a6
{[%clk 01:25:38]} {[%emt 00:02:23]} 14. Be2 {[%clk 01:27:39]} {[%emt 00:02:10]}
Nh5 {[%clk 01:23:48]} {[%emt 00:02:20]} 15. Bh2 {[%clk 01:22:56]} {[%emt
00:05:12]} Bc5 {[%clk 01:21:55]} {[%emt 00:02:23]} 16. Rhf1 {[%clk 01:21:16]}
{[%emt 00:02:10]} b5 {[%clk 01:16:48]} {[%emt 00:05:37]} 17. Nb3 {[%clk
01:21:12]} {[%emt 00:00:35]} Bd6 {[%clk 01:11:12]} {[%emt 00:06:07]} 18. Na5
{[%clk 01:17:57]} {[%emt 00:03:44]} Nb8 {[%clk 01:03:20]} {[%emt 00:08:21]} 19.
Nd5+ {[%clk 01:17:26]} {[%emt 00:01:02]} Bxd5 {[%clk 01:03:37]} {[%emt
00:00:12]} 20. exd5 {[%clk 01:17:48]} {[%emt 00:00:08]} f5 {[%clk 01:00:02]}
{[%emt 00:04:05]} 21. Rfe1 {[%clk 01:14:30]} {[%emt 00:03:48]} Kf6 {[%clk
00:59:15]} {[%emt 00:01:17]} 22. c3 {[%clk 01:14:18]} {[%emt 00:00:43]} Re8
{[%clk 00:52:59]} {[%emt 00:06:45]} 23. Bd3 {[%clk 01:11:13]} {[%emt 00:03:36]}
Bc5 {[%clk 00:49:33]} {[%emt 00:03:55]} 24. f3 {[%clk 01:04:57]} {[%emt
00:06:46]} g3 {[%clk 00:24:34]} {[%emt 00:25:29]} 25. Bg1 {[%clk 01:05:06]}
{[%emt 00:00:21]} Bxg1 {[%clk 00:24:43]} {[%emt 00:00:22]} 26. Rxg1 {[%clk
01:05:34]} {[%emt 00:00:01]} Nf4 {[%clk 00:24:49]} {[%emt 00:00:24]} 27. Nb3
{[%clk 01:05:17]} {[%emt 00:00:46]} Rd8 {[%clk 00:22:34]} {[%emt 00:02:46]} 28.
Bf1 {[%clk 01:04:11]} {[%emt 00:01:37]} Rxd5 {[%clk 00:21:04]} {[%emt
00:02:00]} 29. Rxd5 {[%clk 01:03:52]} {[%emt 00:00:49]} Nxd5 {[%clk 00:21:28]}
{[%emt 00:00:06]} 30. Nc5 {[%clk 01:04:16]} {[%emt 00:00:05]} Nc6 {[%clk
00:18:11]} {[%emt 00:03:46]} 31. c4 {[%clk 01:04:28]} {[%emt 00:00:19]} Nde7
{[%clk 00:14:21]} {[%emt 00:04:20]} 32. Kb1 {[%clk 01:01:54]} {[%emt 00:03:05]}
Nd4 {[%clk 00:12:52]} {[%emt 00:01:59]} 33. Bd3 {[%clk 01:00:14]} {[%emt
00:02:10]} Ng6 {[%clk 00:10:34]} {[%emt 00:02:49]} 34. Nb3 {[%clk 00:57:24]}
{[%emt 00:03:19]} Rd8 {[%clk 00:08:46]} {[%emt 00:02:17]} 35. cxb5 {[%clk
00:56:56]} {[%emt 00:00:59]} Nxb3 {[%clk 00:07:07]} {[%emt 00:02:09]} 36. bxa6
{[%clk 00:54:51]} {[%emt 00:02:35]} Rxd3 {[%clk 00:06:19]} {[%emt 00:01:17]}
37. axb3 {[%clk 00:54:44]} {[%emt 00:00:38]} Rd6 {[%clk 00:05:47]} {[%emt
00:01:02]} 38. a7 {[%clk 00:54:59]} {[%emt 00:00:15]} Ra6 {[%clk 00:06:12]}
{[%emt 00:00:05]} 39. h5 {[%clk 00:55:23]} {[%emt 00:00:06]} Nf4 {[%clk
00:06:19]} {[%emt 00:00:22]} 40. Rc1 {[%clk 00:55:48]} {[%emt 00:00:06]} Rxa7
{[%clk 00:06:17]} {[%emt 00:00:32]} 41. Rc6+ {[%clk 00:56:10]} {[%emt
00:00:07]} Kg7 {[%clk 00:04:54]} {[%emt 00:01:54]} 42. b4 {[%clk 00:56:34]}
{[%emt 00:00:07]} Nxh5 {[%clk 00:02:07]} {[%emt 00:03:17]} 43. b5 {[%clk
00:56:53]} {[%emt 00:00:11]} Nf4 {[%clk 00:01:49]} {[%emt 00:00:46]} 44. b6
{[%clk 00:57:18]} {[%emt 00:00:06]} cxb6 {[%clk 00:02:10]} {[%emt 00:00:09]}
45. b4 {[%clk 00:57:36]} {[%emt 00:00:12]} Nxg2 {[%clk 00:01:54]} {[%emt
00:00:46]} 46. b5 {[%clk 00:58:00]} {[%emt 00:00:05]} Ne3 {[%clk 00:01:49]}
{[%emt 00:00:35]} 47. Rc1 {[%clk 00:58:20]} {[%emt 00:00:10]} g2 {[%clk
00:01:57]} {[%emt 00:00:22]} 48. Rg1 {[%clk 00:58:38]} {[%emt 00:00:12]} h5
{[%clk 00:02:04]} {[%emt 00:00:23]} 49. Re1 {[%clk 00:58:52]} {[%emt 00:00:16]}
Nf1 {[%clk 00:02:08]} {[%emt 00:00:27]} 50. Kb2 {[%clk 00:59:11]} {[%emt
00:00:11]} g1=Q {[%clk 00:02:27]} {[%emt 00:00:11]} 51. Rxf1 {[%clk 00:59:33]}
{[%emt 00:00:07]} 0-1

[Event "Deutsche Ländermeisterschaft 2025"]
[Site "Oer-Erkenschwick GER"]
[Date "2025.10.04"]
[Round "6"]
[White "Langer, Paul Georg"]
[Black "Vortmeier, Jan"]
[Result "0-1"]
[Termination "normal"]
[Board "7.1"]
[WhiteElo "1987"]
[BlackElo "2196"]
[WhiteClock "00:00:46"]
[BlackClock "00:12:08"]
[WhiteTeam "Thüringen"]
[BlackTeam "Nordrhein-Westfalen 2"]
[PlyCount "42"]
[WhiteFideId "16230051"]
[BlackFideId "16261321"]
[EventCountry "GER"]
[EventRounds "7"]
[EventType "team-swiss"]
[EventDate "2025.09.30"]

1. d4 {[%clk 01:30:58]} g6 {[%clk 01:30:53]} {[%emt 00:00:08]} 2. Nc3 {[%clk
01:31:06]} {[%emt 00:00:23]} Bg7 {[%clk 01:29:14]} {[%emt 00:02:08]} 3. Bf4
{[%clk 01:31:06]} {[%emt 00:00:30]} d5 {[%clk 01:27:53]} {[%emt 00:01:51]} 4.
e3 {[%clk 01:31:15]} {[%emt 00:00:21]} Nf6 {[%clk 01:27:53]} {[%emt 00:00:30]}
5. h4 {[%clk 01:31:23]} {[%emt 00:00:23]} h5 {[%clk 01:28:09]} {[%emt
00:00:13]} 6. Nf3 {[%clk 01:31:49]} {[%emt 00:00:05]} O-O {[%clk 01:27:36]}
{[%emt 00:01:02]} 7. Qd2 {[%clk 01:29:43]} {[%emt 00:02:37]} c5 {[%clk
01:27:21]} {[%emt 00:00:44]} 8. dxc5 {[%clk 01:29:26]} {[%emt 00:00:47]} Nbd7
{[%clk 01:22:33]} {[%emt 00:05:18]} 9. Rd1 {[%clk 01:04:28]} {[%emt 00:25:28]}
Nxc5 {[%clk 01:06:35]} {[%emt 00:16:28]} 10. Be5 {[%clk 00:41:52]} {[%emt
00:23:06]} e6 {[%clk 00:29:40]} {[%emt 00:37:24]} 11. b4 {[%clk 00:26:36]}
{[%emt 00:15:47]} Ncd7 {[%clk 00:28:48]} {[%emt 00:01:22]} 12. Bd6 {[%clk
00:19:03]} {[%emt 00:08:04]} Re8 {[%clk 00:28:56]} {[%emt 00:00:20]} 13. Bg3
{[%clk 00:01:17]} {[%emt 00:18:17]} a5 {[%clk 00:21:50]} {[%emt 00:07:36]} 14.
b5 {[%clk 00:00:51]} {[%emt 00:00:55]} Nc5 {[%clk 00:14:51]} {[%emt 00:07:29]}
15. Be5 {[%clk 00:00:46]} {[%emt 00:00:36]} Ncd7 {[%clk 00:12:02]} {[%emt
00:03:19]} 16. Bg3 {[%clk 00:00:42]} {[%emt 00:00:34]} Bf8 {[%clk 00:11:26]}
{[%emt 00:01:05]} 17. Ne5 {[%clk 00:00:42]} {[%emt 00:00:31]} Bb4 {[%clk
00:11:22]} {[%emt 00:00:34]} 18. Nxd7 {[%clk 00:00:44]} {[%emt 00:00:28]} Ne4
{[%clk 00:11:25]} {[%emt 00:00:27]} 19. Qd3 {[%clk 00:00:40]} {[%emt 00:00:34]}
Bxc3+ {[%clk 00:11:43]} {[%emt 00:00:12]} 20. Ke2 {[%clk 00:01:00]} {[%emt
00:00:11]} Bxd7 {[%clk 00:12:00]} {[%emt 00:00:12]} 21. Bf4 {[%clk 00:00:46]}
{[%emt 00:00:43]} Bf6 {[%clk 00:12:08]} {[%emt 00:00:22]} 0-1

[Event "Deutsche Ländermeisterschaft 2025"]
[Site "Oer-Erkenschwick GER"]
[Date "2025.10.04"]
[Round "6"]
[White "Lutze, Max"]
[Black "Sniegowski, Richard"]
[Result "0-1"]
[Termination "normal"]
[Board "7.2"]
[WhiteElo "2102"]
[BlackElo "1854"]
[WhiteClock "00:13:40"]
[BlackClock "00:28:12"]
[WhiteTeam "Nordrhein-Westfalen 2"]
[BlackTeam "Thüringen"]
[PlyCount "72"]
[WhiteFideId "34614850"]
[BlackFideId "34664181"]
[EventCountry "GER"]
[EventRounds "7"]
[EventType "team-swiss"]
[EventDate "2025.09.30"]

1. Nf3 {[%clk 01:30:41]} {[%emt 00:00:18]} Nf6 {[%clk 01:30:54]} {[%emt
00:00:06]} 2. g3 {[%clk 01:30:52]} {[%emt 00:00:20]} g6 {[%clk 01:31:20]}
{[%emt 00:00:05]} 3. Bg2 {[%clk 01:30:56]} {[%emt 00:00:25]} Bg7 {[%clk
01:31:44]} {[%emt 00:00:06]} 4. O-O {[%clk 01:31:20]} {[%emt 00:00:06]} O-O
{[%clk 01:32:11]} {[%emt 00:00:03]} 5. c4 {[%clk 01:31:45]} {[%emt 00:00:04]}
c5 {[%clk 01:32:39]} {[%emt 00:00:03]} 6. d4 {[%clk 01:31:09]} {[%emt
00:01:06]} cxd4 {[%clk 01:32:56]} {[%emt 00:00:13]} 7. Nxd4 {[%clk 01:30:13]}
{[%emt 00:01:26]} Nc6 {[%clk 01:33:22]} {[%emt 00:00:04]} 8. Nc2 {[%clk
01:29:28]} {[%emt 00:01:14]} d6 {[%clk 01:31:15]} {[%emt 00:02:38]} 9. Nc3
{[%clk 01:29:51]} {[%emt 00:00:06]} Be6 {[%clk 01:27:48]} {[%emt 00:03:58]} 10.
b3 {[%clk 01:29:43]} {[%emt 00:00:38]} Qd7 {[%clk 01:27:15]} {[%emt 00:01:04]}
11. Bb2 {[%clk 01:12:55]} {[%emt 00:17:17]} Bh3 {[%clk 01:24:25]} {[%emt
00:03:20]} 12. Rb1 {[%clk 01:12:04]} {[%emt 00:01:21]} Rab8 {[%clk 01:12:28]}
{[%emt 00:12:27]} 13. Qd2 {[%clk 01:07:24]} {[%emt 00:05:09]} Bxg2 {[%clk
01:09:27]} {[%emt 00:03:32]} 14. Kxg2 {[%clk 01:07:46]} {[%emt 00:00:07]} a6
{[%clk 01:08:48]} {[%emt 00:01:10]} 15. a4 {[%clk 01:07:19]} {[%emt 00:00:56]}
Rfc8 {[%clk 01:00:08]} {[%emt 00:09:10]} 16. Rfd1 {[%clk 01:05:30]} {[%emt
00:02:15]} Na7 {[%clk 00:51:59]} {[%emt 00:08:43]} 17. a5 {[%clk 00:57:11]}
{[%emt 00:08:49]} Rc5 {[%clk 00:44:20]} {[%emt 00:08:10]} 18. Na4 {[%clk
00:30:42]} {[%emt 00:26:29]} Rh5 {[%clk 00:44:20]} {[%emt 00:01:00]} 19. h4
{[%clk 00:28:20]} {[%emt 00:02:52]} Rxh4 {[%clk 00:34:17]} {[%emt 00:10:33]}
20. Rh1 {[%clk 00:28:45]} {[%emt 00:00:05]} Rxh1 {[%clk 00:32:53]} {[%emt
00:01:54]} 21. Rxh1 {[%clk 00:29:12]} {[%emt 00:00:02]} Nc8 {[%clk 00:32:12]}
{[%emt 00:01:11]} 22. Bxf6 {[%clk 00:25:27]} {[%emt 00:04:16]} Bxf6 {[%clk
00:32:31]} {[%emt 00:00:11]} 23. Qh6 {[%clk 00:25:43]} {[%emt 00:00:13]} b5
{[%clk 00:30:50]} {[%emt 00:02:11]} 24. Qxh7+ {[%clk 00:26:06]} {[%emt
00:00:08]} Kf8 {[%clk 00:31:15]} {[%emt 00:00:05]} 25. cxb5 {[%clk 00:14:55]}
{[%emt 00:14:04]} axb5 {[%clk 00:31:50]} {[%emt 00:01:53]} 26. Qh6+ {[%clk
00:13:21]} {[%emt 00:02:04]} Bg7 {[%clk 00:31:15]} {[%emt 00:01:05]} 27. Qd2
{[%clk 00:13:45]} {[%emt 00:00:06]} bxa4 {[%clk 00:31:06]} {[%emt 00:00:39]}
28. b4 {[%clk 00:14:15]} a3 {[%clk 00:30:30]} {[%emt 00:01:06]} 29. Nxa3 {[%clk
00:11:41]} {[%emt 00:03:04]} Qb7+ {[%clk 00:30:28]} {[%emt 00:00:32]} 30. f3
{[%clk 00:12:04]} {[%emt 00:00:08]} Qxb4 {[%clk 00:30:38]} {[%emt 00:00:20]}
31. Qxb4 {[%clk 00:12:30]} {[%emt 00:00:04]} Rxb4 {[%clk 00:30:54]} {[%emt
00:00:13]} 32. Rc1 {[%clk 00:13:00]} Rb8 {[%clk 00:29:44]} {[%emt 00:01:40]}
33. Nb5 {[%clk 00:13:25]} {[%emt 00:00:04]} Bb2 {[%clk 00:28:51]} {[%emt
00:01:24]} 34. Rc2 {[%clk 00:12:49]} {[%emt 00:01:06]} Rxb5 {[%clk 00:28:29]}
{[%emt 00:00:51]} 35. Rxc8+ {[%clk 00:13:14]} {[%emt 00:00:06]} Kg7 {[%clk
00:28:53]} {[%emt 00:00:06]} 36. a6 {[%clk 00:13:40]} {[%emt 00:00:04]} Ra5
{[%clk 00:28:12]} {[%emt 00:01:11]} 0-1